| 000 | 00834nam a22001937a 4500 | ||
|---|---|---|---|
| 003 | SEM | ||
| 999 |
_c69361 _d69361 |
||
| 005 | 20220608074332.0 | ||
| 008 | 190618b ||||| |||| 00| 0 arm d | ||
| 040 |
_aSEM _cSEM |
||
| 041 | _aarm | ||
| 080 | _a803.0-5(075)/Օ-28 | ||
| 100 | _aՕթթո Էմիլ | ||
| 245 |
_aՏարերք քերականութեան գերմանէրեն լեզու: _bՀանդերձ շարադրութեամբք, ընթերցուածովք և խօսակցութեամբք: / _cԷ. Օթթո; Աշխատասիր.` Հ. Պ. Զաքարեան |
||
| 260 |
_aՎիեննա: _bտպ. Մխիթարեան, _c1890. |
||
| 300 |
_a154 էջ; _c21 սմ |
||
| 650 |
_aԳերմաներեն _xքերականություն _vդասագիրք |
||
| 700 |
_aԶաքարեան Պօղոս _eաշխատասիր. _q[Զաքարյան Պողոս] |
||
| 942 |
_2udc _cBK |
||